| 000 | 00516nam a2200193Ia 4500 | ||
|---|---|---|---|
| 005 | 20250425160752.0 | ||
| 008 | 250425s9999 xx 000 0 und d | ||
| 041 | _aspa | ||
| 082 | _a423 | ||
| 100 | _aVELAZQUEZ DE LA CADENA, MARIANO | ||
| 245 | 0 | _aA NEW PRONOUNCING DICTIONARY OF THE SPANISH AND ENGLISH LANGUAGES | |
| 250 | _a1A ED. | ||
| 260 |
_aEstados Unidos _bAPPLETON CENTURY _c1973 |
||
| 260 | _aNEW YORK | ||
| 300 | _a771 | ||
| 650 | _aDICCIONARIO INGLES ESPAÑOL | ||
| 942 | _c01 | ||
| 010 | _a4836 | ||
| 999 |
_c195785 _d195785 |
||